[Event "2. Bundesliga Mitte 2009/2010"]
[Site "St. Valentin"]
[Date "2010.01.30"]
[Round "5"]
[Board "1"]
[White "Mohr, Georg"]
[Black "Horvath, Adam"]
[Result "1-0"]
[WhiteElo "2503"]
[BlackElo "2501"]
[PlyCount "125"]
[EventDate "2009.10.10"]
[EventType "team"]
[EventRounds "11"]
[EventCountry "AUT"]
[WhiteTeam "Strassenbahn Graz"]
[BlackTeam "RbEJ Gleisdorf"]

1.Nf3 c5 2.c4 Nc6 3.Nc3 e5 4.g3 g6 5.Bg2 Bg7 6.O-O Nge7 7.Ne1 d6 8.Nc2 Be6 9.Ne3
O-O 10.a3 a5 11.Rb1 Rb8 12.d3 Qd7 13.Ned5 Kh8 14.Qa4 b5 15.cxb5 Nd4 16.Nxe7 Qxe7
17.Qxa5 Qd7 18.b4 Nxb5 19.Nxb5 Rxb5 20.Qa6 d5 21.Be3 cxb4 22.Rxb4 Rbb8 23.Bc5
Ra8 24.Qb5 Rfc8 25.Qxd7 Bxd7 26.Rb7 Bg4 27.f3 Be6 28.Bb4 Rc2 29.Kf2 Bh6 30.Bd6
f6 31.Rfb1 d4 32.Rb8+ Rc8 33.Rxa8 Be3+ 34.Kf1 Rxa8 35.f4 Ra5 36.Rb8+ Kg7 37.Rb7+
Kg8 38.Re7 Rb5 39.Bb4 Bb3 40.fxe5 fxe5 41.Rb7 Rxb7 42.Bxb7 Kf7 43.Bc6 Be6 44.a4
Bh3+ 45.Bg2 Bc8 46.Bd5+ Kf6 47.Kg2 g5 48.h3 h5 49.Ba5 g4 50.Bd8+ Kg7 51.h4 Bd2
52.a5 Be1 53.Bc6 Kf7 54.Bc7 Kf6 55.Bb5 Bb7+ 56.Kh2 Bb4 57.a6 Ba8 58.a7 Bb7
59.Be8 Bc5 60.Bb8 e4 61.Bxh5 Kf5 62.Be8 Ke6 63.Bg6

[Event "2. Bundesliga Mitte 2009/2010"]
[Site "St. Valentin"]
[Date "2010.01.30"]
[Round "5"]
[Board "2"]
[White "Horvath, Tamas"]
[Black "Butunoi, Alexandru"]
[Result "1/2-1/2"]
[WhiteElo "2424"]
[BlackElo "2382"]
[PlyCount "48"]
[EventDate "2009.10.10"]
[EventType "team"]
[EventRounds "11"]
[EventCountry "AUT"]
[WhiteTeam "RbEJ Gleisdorf"]
[BlackTeam "Strassenbahn Graz"]

1.e4 c5 2.Nf3 e6 3.d4 cxd4 4.Nxd4 a6 5.Nc3 b5 6.Bd3 Qb6 7.Nf3 Bb7 8.O-O Nf6 9.e5
Nd5 10.Nxd5 Bxd5 11.Bf4 Be7 12.c3 Qb7 13.Re1 Bxf3 14.gxf3 Nc6 15.Qe2 O-O 16.Kh1
f5 17.exf6 Rxf6 18.Qe4 g6 19.Rg1 d5 20.Qe3 Qd7 21.Bg5 Rf7 22.Bh6 Rf6 23.Bg5 Rf7
24.Bh6 Rf6

[Event "2. Bundesliga Mitte 2009/2010"]
[Site "St. Valentin"]
[Date "2010.01.30"]
[Round "5"]
[Board "3"]
[White "Supancic, Darko"]
[Black "Meszaros, Tamas"]
[Result "0-1"]
[WhiteElo "2359"]
[BlackElo "2426"]
[PlyCount "136"]
[EventDate "2009.10.10"]
[EventType "team"]
[EventRounds "11"]
[EventCountry "AUT"]
[WhiteTeam "Strassenbahn Graz"]
[BlackTeam "RbEJ Gleisdorf"]

1.d4 Nf6 2.Bg5 e6 3.e4 h6 4.Bxf6 Qxf6 5.c3 d6 6.Bd3 Qg5 7.Kf1 e5 8.Nd2 Qe7
9.Ngf3 g6 10.Nc4 Bg7 11.Ne3 O-O 12.h4 h5 13.dxe5 dxe5 14.Qb3 Nd7 15.Nd5 Qd6
16.Rd1 c6 17.Ne3 Qe7 18.g3 Nc5 19.Qc2 Nxd3 20.Qxd3 Be6 21.b3 Rfd8 22.Qc2 Rxd1+
23.Qxd1 Bh6 24.Qe2 Qc5 25.Ng5 Qxc3 26.Nxe6 Bxe3 27.Qxe3 Qxe3 28.fxe3 fxe6 29.Ke2
Kf7 30.Rf1+ Ke7 31.g4 hxg4 32.Rg1 a5 33.Rxg4 Kf6 34.a3 Rh8 35.Kd3 Rd8+ 36.Kc2
Rh8 37.Kd3 Rh6 38.Kc4 b6 39.Kd3 Ke7 40.Kc3 Kd6 41.Kd3 Kc5 42.Kc3 b5 43.Kd3 Kd6
44.Kc3 Ke7 45.Kd3 Kf6 46.Kc3 Rh5 47.a4 Rh8 48.Kd3 bxa4 49.bxa4 Rb8 50.Rg1 Rb3+
51.Ke2 Rb4 52.Rf1+ Ke7 53.Kf3 Rxa4 54.Rg1 Kf7 55.Rc1 Ra2 56.Rxc6 a4 57.Ra6 a3
58.Kg3 Ra1 59.Ra7+ Kf8 60.Kf3 a2 61.Kg2 Ke8 62.Kh2 Kd8 63.Kg2 Kc8 64.Kh2 Kb8
65.Ra5 Kb7 66.Ra3 Kb6 67.Ra8 Kb5 68.Kg2 Kc4

[Event "2. Bundesliga Mitte 2009/2010"]
[Site "St. Valentin"]
[Date "2010.01.30"]
[Round "5"]
[Board "4"]
[White "Sandhu, Mario"]
[Black "Pesorda, Ivan"]
[Result "1/2-1/2"]
[WhiteElo "2316"]
[BlackElo "2256"]
[PlyCount "133"]
[EventDate "2009.10.10"]
[EventType "team"]
[EventRounds "11"]
[EventCountry "AUT"]
[WhiteTeam "RbEJ Gleisdorf"]
[BlackTeam "Strassenbahn Graz"]

1.Nf3 c5 2.c4 Nf6 3.Nc3 Nc6 4.d4 cxd4 5.Nxd4 e6 6.Nc2 d5 7.cxd5 exd5 8.e3 Bc5
9.Be2 O-O 10.O-O Bf5 11.a3 Rc8 12.Nd4 Bxd4 13.exd4 Ne4 14.Nxe4 Bxe4 15.b4 Qb6
16.Bb2 Na5 17.Bd3 Bxd3 18.Qxd3 Nc4 19.Bc3 Qc6 20.Rfc1 Rfe8 21.a4 a6 22.h3 Re7
23.Ra2 Rec7 24.Bd2 Qe8 25.Re1 Re7 26.Rxe7 Qxe7 27.b5 axb5 28.axb5 Qe8 29.Kh2
Qxb5 30.Qf5 Qc6 31.Bf4 Qe6 32.Qxe6 fxe6 33.Ra7 b6 34.Rb7 h6 35.h4 Rf8 36.Kg3 h5
37.Bc7 Rc8 38.Rb8 Rf8 39.Rb7 Kh7 40.Be5 Nxe5 41.dxe5 Kg6 42.Rxb6 Kf5 43.Rb7 Rg8
44.f4 Ke4 45.Re7 Ke3 46.Rxe6 d4 47.Ra6 d3 48.e6 d2 49.Rd6 Ke2 50.f5 d1=Q 51.Rxd1
Kxd1 52.Kf4 Ke2 53.Kg5 Rf8 54.e7 Re8 55.Kxh5 Rxe7 56.Kg6 Ke3 57.g4 Kf4 58.g5 Ke5
59.h5 Ra7 60.f6 gxf6 61.gxf6 Ke6 62.h6 Ra2 63.Kg7 Rg2+ 64.Kf8 Kxf6 65.h7 Rh2
66.Kg8 Rg2+ 67.Kf8

[Event "2. Bundesliga Mitte 2009/2010"]
[Site "St. Valentin"]
[Date "2010.01.30"]
[Round "5"]
[Board "5"]
[White "Krebs, Johann"]
[Black "Wanderer, Thomas"]
[Result "1/2-1/2"]
[WhiteElo "2218"]
[BlackElo "2220"]
[PlyCount "106"]
[EventDate "2009.10.10"]
[EventType "team"]
[EventRounds "11"]
[EventCountry "AUT"]
[WhiteTeam "Strassenbahn Graz"]
[BlackTeam "RbEJ Gleisdorf"]

1.d4 Nf6 2.Nf3 e6 3.c4 b6 4.g3 Ba6 5.Nbd2 Bb7 6.Bg2 Be7 7.Qc2 c6 8.O-O O-O 9.Rd1
d5 10.Ne5 Nfd7 11.Ndf3 f6 12.Nd3 Bd6 13.Bf4 Qe7 14.Bxd6 Qxd6 15.Qc3 a5 16.Rac1
Na6 17.a3 a4 18.Nb4 Rfc8 19.Nd2 f5 20.Nxa6 Bxa6 21.Qe3 Re8 22.f4 Rac8 23.c5 Qc7
24.Nf3 Rb8 25.Rd2 Bc4 26.Ne5 Nxe5 27.fxe5 bxc5 28.dxc5 Rb3 29.Qd4 Bb5 30.Rc3
Rxc3 31.Qxc3 Rb8 32.Qd4 Qa7 33.h4 Bc4 34.h5 Rb5 35.Qh4 Qxc5+ 36.Kh2 Qf8 37.e4
Rb8 38.exf5 Qxf5 39.h6 Rf8 40.hxg7 Kxg7 41.Qe7+ Rf7 42.Qd6 Qh5+ 43.Bh3 Bf1
44.Qxe6 Bxh3 45.Qxh3 Qxe5 46.Qg4+ Kf8 47.Re2 Qf6 48.Qxa4 Qf3 49.Qb4+ Kg7 50.Qd4+
Rf6 51.Re6 Qf2+ 52.Qxf2 Rxf2+ 53.Kh3 Rxb2

[Event "2. Bundesliga Mitte 2009/2010"]
[Site "St. Valentin"]
[Date "2010.01.30"]
[Round "5"]
[Board "1"]
[White "Diermair, Andreas"]
[Black "Skoberne, Jure"]
[Result "0-1"]
[WhiteElo "2333"]
[BlackElo "2509"]
[PlyCount "80"]
[EventDate "2009.10.10"]
[EventType "team"]
[EventRounds "11"]
[EventCountry "AUT"]
[WhiteTeam "Frauental"]
[BlackTeam "ESV Austria Graz"]

1.e4 d6 2.d4 Nf6 3.Nc3 g6 4.f4 Bg7 5.Nf3 O-O 6.Bd3 Nc6 7.e5 dxe5 8.fxe5 Ng4
9.Be4 f6 10.h3 Nh6 11.exf6 exf6 12.O-O Nf5 13.Ne2 Re8 14.Qd3 Kh8 15.c3 Bd7 16.d5
Nce7 17.Nfd4 c6 18.dxc6 bxc6 19.Bf4 Qb6 20.Kh1 Rad8 21.Qc2 Nxd4 22.Nxd4 f5
23.Bf3 c5 24.Ne2 Bc6 25.Ng1 Nd5 26.Bg5 Bf6 27.Bxf6+ Nxf6 28.Rfe1 Be4 29.Qb3 Qc7
30.Rad1 Rb8 31.Qa3 Rb6 32.c4 Qe5 33.b3 Re7 34.Rd8+ Kg7 35.Rc8 Nh5 36.Bxh5 Bxg2+
37.Kxg2 Qxe1 38.Qb2+ Kh6 39.Bf3 Rd6 40.Kh1 Rd2

[Event "2. Bundesliga Mitte 2009/2010"]
[Site "St. Valentin"]
[Date "2010.01.30"]
[Round "5"]
[Board "2"]
[White "Sakelsek, Tadej"]
[Black "Cigan, Stefan"]
[Result "0-1"]
[WhiteElo "2403"]
[BlackElo "2371"]
[PlyCount "72"]
[EventDate "2009.10.10"]
[EventType "team"]
[EventRounds "11"]
[EventCountry "AUT"]
[WhiteTeam "ESV Austria Graz"]
[BlackTeam "Frauental"]

1.d4 d5 2.c4 e6 3.Nf3 c6 4.Nc3 f5 5.g3 Nf6 6.Bg2 Be7 7.O-O O-O 8.b3 b6 9.Bf4 Ba6
10.Ne5 Bb4 11.Re1 Qe7 12.Nb1 Rc8 13.cxd5 exd5 14.Bg5 Qe6 15.Bxf6 Qxf6 16.a3 Be7
17.b4 Qe6 18.Qb3 Rd8 19.Nc3 Bb7 20.f4 Nd7 21.e4 fxe4 22.Nxe4 Nxe5 23.dxe5 Ba6
24.Red1 Bc4 25.Qe3 a5 26.Nd2 axb4 27.axb4 Bb5 28.Bf1 Ra4 29.Bxb5 cxb5 30.Rab1
Rc8 31.Qd3 Rxb4 32.Rxb4 Bxb4 33.Rb1 Bxd2 34.Qxd2 Qf5 35.Rxb5 Rc2 36.Qb4 Qh3

[Event "2. Bundesliga Mitte 2009/2010"]
[Site "St. Valentin"]
[Date "2010.01.30"]
[Round "5"]
[Board "3"]
[White "Schnider, Gert"]
[Black "Kotz, Heinz Peter"]
[Result "1/2-1/2"]
[WhiteElo "2322"]
[BlackElo "2332"]
[PlyCount "60"]
[EventDate "2009.10.10"]
[EventType "team"]
[EventRounds "11"]
[EventCountry "AUT"]
[WhiteTeam "Frauental"]
[BlackTeam "ESV Austria Graz"]

1.e4 e5 2.Nf3 Nc6 3.Bb5 a6 4.Ba4 Nf6 5.O-O Nxe4 6.d4 b5 7.Bb3 d5 8.dxe5 Be6 9.c3
Bc5 10.Nbd2 O-O 11.Qe2 Bf5 12.Nxe4 dxe4 13.Ng5 Nxe5 14.Nxe4 Bg4 15.Qc2 Bb6
16.Bg5 Qd7 17.Kh1 Nc4 18.Rae1 Rae8 19.Qc1 Bf5 20.Bc2 Bg6 21.f3 f6 22.Bf4 Qc6
23.Ng3 Rxe1 24.Rxe1 Re8 25.Bxg6 hxg6 26.b3 Nd6 27.Rxe8+ Qxe8 28.Qd2 Nf7 29.Nf1
Qe6 30.Bg3 Kh7

[Event "2. Bundesliga Mitte 2009/2010"]
[Site "St. Valentin"]
[Date "2010.01.30"]
[Round "5"]
[Board "4"]
[White "Ebner, Hubert"]
[Black "Schreiner, Peter"]
[Result "1/2-1/2"]
[WhiteElo "2194"]
[BlackElo "2254"]
[PlyCount "64"]
[EventDate "2009.10.10"]
[EventType "team"]
[EventRounds "11"]
[EventCountry "AUT"]
[WhiteTeam "ESV Austria Graz"]
[BlackTeam "Frauental"]

1.Nf3 Nf6 2.c4 c6 3.d4 d5 4.e3 e6 5.Bd3 dxc4 6.Bxc4 c5 7.O-O a6 8.dxc5 Qxd1
9.Rxd1 Bxc5 10.a3 Nbd7 11.b4 Be7 12.Nbd2 O-O 13.Bb2 b5 14.Be2 Bb7 15.Rac1 Rfc8
16.Kf1 Kf8 17.h3 h6 18.Bd4 Bd6 19.Bb2 Ke7 20.Bd3 e5 21.e4 Rxc1 22.Rxc1 Rc8
23.Rxc8 Bxc8 24.Bc2 Bb7 25.g3 Nh7 26.Nh4 g6 27.Ng2 Ng5 28.h4 Ne6 29.Ne3 Nd4
30.Bd3 Ne6 31.Ke2 h5 32.f3 Nc7

[Event "2. Bundesliga Mitte 2009/2010"]
[Site "St. Valentin"]
[Date "2010.01.30"]
[Round "5"]
[Board "5"]
[White "Raffalt, Manfred"]
[Black "Fahrner, Kurt"]
[Result "1-0"]
[WhiteElo "2136"]
[BlackElo "2300"]
[PlyCount "78"]
[EventDate "2009.10.10"]
[EventType "team"]
[EventRounds "11"]
[EventCountry "AUT"]
[WhiteTeam "Frauental"]
[BlackTeam "ESV Austria Graz"]

1.d4 g6 2.e4 Bg7 3.Nc3 d6 4.Nf3 a6 5.Bd3 Nd7 6.Be3 e6 7.Qd2 h6 8.O-O Ne7 9.Ne1
Nf6 10.Rd1 b6 11.Qe2 O-O 12.a4 Nc6 13.Kh1 Nb4 14.Qf3 Rb8 15.Qe2 Qe8 16.Qf3 Kh7
17.Kg1 Nxd3 18.Nxd3 Bd7 19.b3 Qe7 20.Rfe1 b5 21.axb5 axb5 22.e5 Ne8 23.Qh3 f5
24.f4 Bc6 25.d5 Ba8 26.Nb4 dxe5 27.Na6 Rb6 28.Bc5 Nd6 29.Bxb6 cxb6 30.fxe5 Nf7
31.d6 Qd7 32.Nc7 Bc6 33.Qg3 f4 34.Qh4 Nxe5 35.Qe7 f3 36.Rf1 Rf5 37.N7xb5 Bxb5
38.Nxb5 Qxb5 39.d7 Nc6

[Event "2. Bundesliga Mitte 2009/2010"]
[Site "St. Valentin"]
[Date "2010.01.30"]
[Round "5"]
[Board "6"]
[White "Aschenbrenner, Robert"]
[Black "Schnabel, Josef"]
[Result "1-0"]
[WhiteElo "2262"]
[BlackElo "2010"]
[PlyCount "109"]
[EventDate "2009.10.10"]
[EventType "team"]
[EventRounds "11"]
[EventCountry "AUT"]
[WhiteTeam "ESV Austria Graz"]
[BlackTeam "Frauental"]

1.d4 d5 2.Nf3 Nf6 3.c4 e6 4.g3 g6 5.Bg2 Bg7 6.O-O O-O 7.Qc2 Nbd7 8.Rd1 c6 9.Nbd2
h6 10.e4 dxe4 11.Nxe4 Nxe4 12.Qxe4 Nf6 13.Qe2 Qe7 14.Bf4 Rd8 15.c5 Nd5 16.Be5 f6
17.Bd6 Qf7 18.Re1 Bf8 19.Bxf8 Kxf8 20.Nd2 Nc7 21.Qe3 Kg7 22.Rad1 Nd5 23.Qe2 Nc7
24.Qc4 Re8 25.Ne4 Re7 26.f4 Ne8 27.Qc3 Bd7 28.Bf1 Bc8 29.Bc4 Nc7 30.b4 Nd5
31.Qb3 Qe8 32.a3 Bd7 33.Nd6 Qf8 34.Rd2 Rb8 35.Rde2 h5 36.Bxd5 cxd5 37.f5 e5
38.dxe5 fxe5 39.Rxe5 Rxe5 40.Rxe5 Bxf5 41.Qxd5 Bh3 42.Re1 Qf6 43.Ne4 Qf3 44.Qe5+
Kh6 45.Qf4+ Qxf4 46.gxf4 Re8 47.Kf2 Bd7 48.Nd6 Rxe1 49.Kxe1 Bc6 50.b5 Bd5 51.h4
Kg7 52.Kd2 Kf8 53.Ke3 a6 54.c6 axb5 55.cxb7

[Event "2. Bundesliga Mitte 2009/2010"]
[Site "St. Valentin"]
[Date "2010.01.30"]
[Round "5"]
[Board "1"]
[White "Flumbort, Andras"]
[Black "Reichmann, Egon"]
[Result "1-0"]
[WhiteElo "2513"]
[BlackElo "2331"]
[PlyCount "85"]
[EventDate "2009.10.10"]
[EventType "team"]
[EventRounds "11"]
[EventCountry "AUT"]
[WhiteTeam "ASK St. Valentin"]
[BlackTeam "Admira Villach"]

1.d4 Nf6 2.c4 e6 3.Nf3 b6 4.g3 Ba6 5.b3 Bb4+ 6.Bd2 Be7 7.Bg2 d5 8.cxd5 exd5
9.Nc3 O-O 10.O-O c6 11.Qc2 Nbd7 12.Rfd1 Rc8 13.Bf4 Bb4 14.Ne5 Nxe5 15.dxe5 Nh5
16.Be3 g6 17.Bf3 Ng7 18.Ne4 Be7 19.Qb2 Nf5 20.Bf4 h5 21.Nf6+ Bxf6 22.exf6 Qe8
23.Re1 d4 24.Qa3 Bb7 25.Qxa7 Ba8 26.Qxb6 Qe6 27.Qc5 Rfe8 28.h4 Qxf6 29.Bg5 Qe6
30.Rad1 Rb8 31.e4 dxe3 32.Bxe3 Rb5 33.Qc3 Re5 34.Bd2 Rxe1+ 35.Rxe1 Qc8 36.Qc5
Rxe1+ 37.Bxe1 Qa6 38.Qe5 Qd3 39.Bc3 Kf8 40.Kg2 Qc2 41.Qh8+ Ke7 42.Qf6+ Ke8
43.Bxc6+

[Event "2. Bundesliga Mitte 2009/2010"]
[Site "St. Valentin"]
[Date "2010.01.30"]
[Round "5"]
[Board "2"]
[White "Perhinig, Robert"]
[Black "Hajnal, Zoltan"]
[Result "1/2-1/2"]
[WhiteElo "2287"]
[BlackElo "2404"]
[PlyCount "59"]
[EventDate "2009.10.10"]
[EventType "team"]
[EventRounds "11"]
[EventCountry "AUT"]
[WhiteTeam "Admira Villach"]
[BlackTeam "ASK St. Valentin"]

1.d4 d5 2.Nf3 Nf6 3.c4 c6 4.Nc3 a6 5.c5 g6 6.e3 Bg7 7.Be2 O-O 8.O-O Nbd7 9.b4
Re8 10.Bb2 e5 11.Nxe5 Nxe5 12.dxe5 Rxe5 13.Na4 Re8 14.Nb6 Rb8 15.Nxc8 Rxc8
16.Bf3 Ne4 17.Bxg7 Kxg7 18.Qd4+ Qf6 19.Rfd1 Qxd4 20.Rxd4 f5 21.Bxe4 Rxe4 22.Rxe4
fxe4 23.f4 Kf6 24.Kf2 Ra8 25.Rb1 Rd8 26.g4 Ke6 27.Rd1 Ra8 28.Rb1 Rd8 29.Rd1 Ra8
30.Rb1

[Event "2. Bundesliga Mitte 2009/2010"]
[Site "St. Valentin"]
[Date "2010.01.30"]
[Round "5"]
[Board "3"]
[White "Sandhoefner, Florian"]
[Black "Frank, Paul"]
[Result "0-1"]
[WhiteElo "2160"]
[BlackElo "2287"]
[PlyCount "58"]
[EventDate "2009.10.10"]
[EventType "team"]
[EventRounds "11"]
[EventCountry "AUT"]
[WhiteTeam "ASK St. Valentin"]
[BlackTeam "Admira Villach"]

1.e4 c5 2.Nf3 Nc6 3.d4 cxd4 4.Nxd4 Qb6 5.Nb3 Nf6 6.Nc3 e6 7.Be3 Qc7 8.a3 a6 9.f4
d6 10.Bd3 Be7 11.O-O O-O 12.Qf3 b5 13.g4 Re8 14.g5 Nd7 15.f5 Nde5 16.Qg3 b4
17.Na4 Rb8 18.h4 bxa3 19.Rxa3 Nb4 20.Nd4 Bd7 21.Rc1 Qb7 22.Bf4 Nexd3 23.cxd3 e5
24.Be3 exd4 25.Bxd4 Rec8 26.Bc3 d5 27.Qe5 Bf8 28.Rd1 Re8 29.Qd4 Nc2

[Event "2. Bundesliga Mitte 2009/2010"]
[Site "St. Valentin"]
[Date "2010.01.30"]
[Round "5"]
[Board "4"]
[White "Neff, Gregor"]
[Black "Kranzl, Peter"]
[Result "1/2-1/2"]
[WhiteElo "2157"]
[BlackElo "2285"]
[PlyCount "62"]
[EventDate "2009.10.10"]
[EventType "team"]
[EventRounds "11"]
[EventCountry "AUT"]
[WhiteTeam "Admira Villach"]
[BlackTeam "ASK St. Valentin"]

1.c4 Nf6 2.g3 g6 3.Bg2 Bg7 4.Nf3 O-O 5.d4 d6 6.O-O c6 7.Nc3 Bf5 8.Nh4 Be6 9.d5
cxd5 10.cxd5 Bd7 11.Be3 Qa5 12.Bd4 Rc8 13.Re1 Na6 14.a3 Ng4 15.Bxg7 Kxg7 16.Qd4+
Kg8 17.Nf3 Qc5 18.Rad1 Qxd4 19.Rxd4 Rc7 20.e4 f6 21.h3 Ne5 22.Nxe5 fxe5 23.Rdd1
Nc5 24.f4 exf4 25.gxf4 Na4 26.Nxa4 Bxa4 27.Rd4 Bd7 28.Rd2 Re8 29.Kf2 a5 30.h4
Kf7 31.Bf3 Rc4

[Event "2. Bundesliga Mitte 2009/2010"]
[Site "St. Valentin"]
[Date "2010.01.30"]
[Round "5"]
[Board "5"]
[White "Tober, Gerhard"]
[Black "Frank, Dieter"]
[Result "1-0"]
[WhiteElo "2296"]
[BlackElo "2144"]
[PlyCount "87"]
[EventDate "2009.10.10"]
[EventType "team"]
[EventRounds "11"]
[EventCountry "AUT"]
[WhiteTeam "ASK St. Valentin"]
[BlackTeam "Admira Villach"]

1.e4 e5 2.Nf3 Nc6 3.d4 exd4 4.Bc4 Bc5 5.O-O Nf6 6.e5 d5 7.exf6 dxc4 8.fxg7 Rg8
9.Bg5 Qd6 10.Nbd2 Qg6 11.Re1+ Be6 12.Ne4 Be7 13.Bxe7 Nxe7 14.Qxd4 Rxg7 15.g3 Nc6
16.Nf6+ Kf8 17.Qc5+ Ne7 18.Nd5 Re8 19.Nxe7 Rxe7 20.Rad1 Ke8 21.Qd4 Kf8 22.Qc5
Ke8 23.Qxa7 f6 24.Qb8+ Kf7 25.Nd4 Rg8 26.Qa7 Rd8 27.Nxe6 Rxe6 28.Qxb7 Rxe1+
29.Rxe1 Rd7 30.Qc6 Qg4 31.Re4 Qh3 32.Qxc4+ Kf8 33.Re1 Qf5 34.Qe4 Qh3 35.a4 Qh5
36.Qe2 Qd5 37.a5 Kg7 38.a6 Qa5 39.Qg4+ Kh6 40.b4 Qd5 41.a7 Rd8 42.Re7 Qd1+
43.Qxd1 Rxd1+ 44.Kg2

[Event "2. Bundesliga Mitte 2009/2010"]
[Site "St. Valentin"]
[Date "2010.01.30"]
[Round "5"]
[Board "6"]
[White "Hafner, Robert"]
[Black "Heimberger, Reinhard"]
[Result "0-1"]
[WhiteElo "2110"]
[BlackElo "2257"]
[PlyCount "80"]
[EventDate "2009.10.10"]
[EventType "team"]
[EventRounds "11"]
[EventCountry "AUT"]
[WhiteTeam "Admira Villach"]
[BlackTeam "ASK St. Valentin"]

1.d4 d5 2.c4 e6 3.Nc3 Nf6 4.Bg5 Be7 5.e3 h6 6.Bh4 O-O 7.Nf3 b6 8.cxd5 Nxd5
9.Bxe7 Qxe7 10.Nxd5 exd5 11.Rc1 Be6 12.Qa4 Rc8 13.Be2 c5 14.Qa3 Nd7 15.O-O Qf6
16.dxc5 bxc5 17.Rfd1 a6 18.b3 Qd8 19.h3 Qb6 20.Ne1 Ne5 21.Nf3 Nd7 22.Ne1 a5
23.Bf3 Qc6 24.Nd3 a4 25.Nb4 cxb4 26.Rxc6 bxa3 27.Rxc8+ Rxc8 28.bxa4 Ne5 29.Bxd5
Rd8 30.e4 Nc4 31.Rd4 Nb6 32.Rd3 Nxd5 33.a5 Kf8 34.exd5 Rxd5 35.Rxa3 Rd1+ 36.Kh2
Rd2 37.Kg3 Rxa2 38.Rxa2 Bxa2 39.Kf4 Bc4 40.Ke5 Bf1

[Event "2. Bundesliga Mitte 2009/2010"]
[Site "St. Valentin"]
[Date "2010.01.31"]
[Round "6"]
[Board "1"]
[White "Taggatz, Mario"]
[Black "Reichmann, Egon"]
[Result "1/2-1/2"]
[WhiteElo "2330"]
[BlackElo "2331"]
[PlyCount "96"]
[EventDate "2009.10.10"]
[EventType "team"]
[EventRounds "11"]
[EventCountry "AUT"]
[WhiteTeam "Spg. Sauwald"]
[BlackTeam "Admira Villach"]

1.c4 e6 2.g3 d5 3.Bg2 Nf6 4.Nf3 Be7 5.O-O O-O 6.d4 dxc4 7.Qc2 a6 8.Qxc4 b5 9.Qc2
Bb7 10.Bf4 Nc6 11.Rd1 Nb4 12.Qc1 Qc8 13.Nbd2 c5 14.dxc5 Bxc5 15.Nb3 Bb6 16.Bd6
Nc2 17.Bxf8 Nxa1 18.Qxc8 Rxc8 19.Bxg7 Kxg7 20.Nxa1 Bd5 21.Ne5 Bd4 22.Bxd5 Bxe5
23.Bb7 Rc7 24.Bxa6 Ra7 25.Bxb5 Rxa2 26.Bd3 Rxb2 27.Nc2 Nd5 28.Kg2 h6 29.Kf3 Bf6
30.Na3 Nb6 31.Rc1 Rb3 32.Nc4 Nxc4 33.Rxc4 Rc3 34.Rg4+ Kf8 35.Rb4 Rc7 36.Rb5 Bd4
37.h4 Bf6 38.Kg2 Kg7 39.Kh3 Bd4 40.f3 Ra7 41.Rb4 Bf6 42.g4 Ra1 43.Bb1 Ra3 44.Rb7
Rc3 45.Rb5 Rc1 46.g5 hxg5 47.hxg5 Be7 48.Kg2 Rc5

[Event "2. Bundesliga Mitte 2009/2010"]
[Site "St. Valentin"]
[Date "2010.01.31"]
[Round "6"]
[Board "2"]
[White "Perhinig, Robert"]
[Black "Testor, Sebastian"]
[Result "0-1"]
[WhiteElo "2287"]
[BlackElo "2319"]
[PlyCount "96"]
[EventDate "2009.10.10"]
[EventType "team"]
[EventRounds "11"]
[EventCountry "AUT"]
[WhiteTeam "Admira Villach"]
[BlackTeam "Spg. Sauwald"]

1.d4 e6 2.Nf3 c5 3.g3 b5 4.Bg2 Bb7 5.O-O cxd4 6.Nxd4 Bxg2 7.Kxg2 Qb6 8.e4 Nf6
9.Qd3 a6 10.Nd2 Nc6 11.N2f3 Be7 12.c3 O-O 13.Be3 Qb7 14.Nxc6 Qxc6 15.Bg5 h6
16.Ne5 Qb7 17.Bxf6 gxf6 18.Nf3 Rfd8 19.Nd4 d5 20.Rae1 dxe4 21.Qxe4 Qxe4+ 22.Rxe4
Bf8 23.a3 f5 24.Re2 Bg7 25.Nc2 Rd6 26.f4 Rad8 27.Rfe1 a5 28.Kf1 Bf6 29.Kf2 Kg7
30.Kf1 h5 31.h4 R8d7 32.Kg2 Kf8 33.Kf2 Rd3 34.Re3 R3d5 35.R3e2 Bd8 36.Nd4 Bb6
37.Re5 Rxe5 38.Rxe5 Rxd4 39.cxd4 Bxd4+ 40.Re3 a4 41.Ke2 Bxe3 42.Kxe3 Ke7 43.Kd3
Kd6 44.Kc3 f6 45.b3 axb3 46.Kxb3 e5 47.Kb4 e4 48.Kxb5 e3

[Event "2. Bundesliga Mitte 2009/2010"]
[Site "St. Valentin"]
[Date "2010.01.31"]
[Round "6"]
[Board "3"]
[White "Hiermann, Dietmar"]
[Black "Frank, Paul"]
[Result "0-1"]
[WhiteElo "2297"]
[BlackElo "2287"]
[PlyCount "112"]
[EventDate "2009.10.10"]
[EventType "team"]
[EventRounds "11"]
[EventCountry "AUT"]
[WhiteTeam "Spg. Sauwald"]
[BlackTeam "Admira Villach"]

1.e4 c5 2.Nc3 Nc6 3.f4 g6 4.Nf3 Bg7 5.Bb5 Nh6 6.O-O O-O 7.d3 f5 8.Bc4+ e6 9.a3
a6 10.e5 d5 11.exd6 Qxd6 12.Qe1 Bd7 13.Bd2 Rae8 14.Qg3 Nf7 15.Rae1 Kh8 16.Nd1
Nd4 17.Nxd4 Bxd4+ 18.Kh1 Bc6 19.Re2 b5 20.Ba2 Bd5 21.Bxd5 exd5 22.Rfe1 Qd8
23.Qf3 Bf6 24.Kg1 Kg7 25.Kf1 Rxe2 26.Rxe2 Qd7 27.Qe3 d4 28.Qe6 Qb7 29.Ba5 Rc8
30.Nf2 Rc6 31.Qd5 Qc8 32.Ke1 Rd6 33.Qf3 Re6 34.b3 c4 35.dxc4 bxc4 36.bxc4 Qxc4
37.Bb4 a5 38.Bxa5 Rxe2+ 39.Qxe2 Qd5 40.Bb4 Qxg2 41.Qe8 Bd8 42.Bf8+ Kf6 43.Qd7
Qa8 44.Qxd4+ Ke6 45.Ke2 Qc6 46.Kd3 Bb6 47.Qc4+ Qxc4+ 48.Kxc4 Bxf2 49.Bc5 Nd6+
50.Kb4 Bxc5+ 51.Kxc5 g5 52.a4 g4 53.a5 Nb7+ 54.Kb6 Nxa5 55.Kxa5 h5 56.Ka6 h4

[Event "2. Bundesliga Mitte 2009/2010"]
[Site "St. Valentin"]
[Date "2010.01.31"]
[Round "6"]
[Board "4"]
[White "Neff, Gregor"]
[Black "Knechtel, Roland"]
[Result "1/2-1/2"]
[WhiteElo "2157"]
[BlackElo "2228"]
[PlyCount "81"]
[EventDate "2009.10.10"]
[EventType "team"]
[EventRounds "11"]
[EventCountry "AUT"]
[WhiteTeam "Admira Villach"]
[BlackTeam "Spg. Sauwald"]

1.d4 Nf6 2.c4 e6 3.g3 c5 4.d5 exd5 5.cxd5 d6 6.Nc3 g6 7.Bg2 Bg7 8.Nf3 O-O 9.O-O
Na6 10.Nd2 Rb8 11.a4 Nc7 12.Nc4 Qe7 13.e4 Ng4 14.Bf4 Ne5 15.Bxe5 Bxe5 16.Nxe5
Qxe5 17.f4 Qe7 18.e5 b5 19.exd6 Qxd6 20.Ne4 Qd8 21.Nxc5 bxa4 22.Rf2 Nb5 23.Rxa4
Qb6 24.Ne4 Bf5 25.Nc3 Nd6 26.Qd4 Rfe8 27.h3 Re1+ 28.Kh2 h5 29.Qxb6 axb6 30.Bf3
Kg7 31.Re2 Rf1 32.Bg2 Rc1 33.Bf3 Rf1 34.Bg2 Rc1 35.Rd4 Ra1 36.Rd1 Ra7 37.Bf3 b5
38.Ne4 Bxe4 39.Bxe4 Ra4 40.Bf3 h4 41.gxh4

[Event "2. Bundesliga Mitte 2009/2010"]
[Site "St. Valentin"]
[Date "2010.01.31"]
[Round "6"]
[Board "5"]
[White "Kirschner, Alexander"]
[Black "Frank, Dieter"]
[Result "1-0"]
[WhiteElo "2220"]
[BlackElo "2144"]
[PlyCount "120"]
[EventDate "2009.10.10"]
[EventType "team"]
[EventRounds "11"]
[EventCountry "AUT"]
[WhiteTeam "Spg. Sauwald"]
[BlackTeam "Admira Villach"]

1.c4 e6 2.e4 d5 3.exd5 exd5 4.cxd5 Qxd5 5.Nc3 Qd8 6.d4 Nf6 7.Nf3 Be7 8.Bc4 O-O
9.O-O Bg4 10.Re1 Nbd7 11.h3 Bh5 12.Bb3 Nb6 13.g4 Bg6 14.Ne5 Nfd7 15.Nxg6 hxg6
16.Bf4 Nf6 17.Qf3 c6 18.Rad1 Bb4 19.a3 Bxc3 20.bxc3 Nbd5 21.Bc1 Qd7 22.c4 Nb6
23.a4 a5 24.Be3 Rac8 25.d5 c5 26.Bg5 Qd6 27.Bf4 Qd7 28.Be5 Ne8 29.Qc3 f6 30.Bf4
g5 31.Bg3 f5 32.Qxa5 Rf6 33.f3 fxg4 34.fxg4 Rf3 35.Qxb6 Rxg3+ 36.Kh2 Rf3 37.Rf1
Qf7 38.Kg2 Rf4 39.d6 Rc6 40.Qd8 Qe6 41.Rde1 Rxg4+ 42.Kh2 Re4 43.Rxe4 Qxe4 44.Qe7
Nxd6 45.Rf8+ Kh7 46.Qxe4+ Nxe4 47.Bc2 Re6 48.Rc8 b6 49.Rc6 Re7 50.Rxb6 Kg8
51.Rc6 Kf8 52.Bxe4 Rxe4 53.Rxc5 Ke7 54.Rxg5 Rxc4 55.Rxg7+ Kf6 56.Rg4 Rc3 57.Rg3
Rc2+ 58.Rg2 Rc3 59.Ra2 Kg5 60.a5 Kh4